Home Print Resources E-Books E-Journals IIMT Lecture Series Library Membership Form Book Recommendation Form Campus Tour Take AdmissionAbout Us Contact Us

TATVA CHINTA MANI (Record no. 58085)

000 -LEADER
fixed length control field 00337nam a22001457a 4500
003 - CONTROL NUMBER IDENTIFIER
control field OSt
005 - DATE AND TIME OF LATEST TRANSACTION
control field 20240205141045.0
008 - FIXED-LENGTH DATA ELEMENTS--GENERAL INFORMATION
fixed length control field 240205b |||||||| |||| 00| 0 eng d
040 ## - CATALOGING SOURCE
Transcribing agency IIMT UNIVERSITY
100 ## - MAIN ENTRY--PERSONAL NAME
Personal name GEETA, PRESS
245 ## - TITLE STATEMENT
Title TATVA CHINTA MANI
260 ## - PUBLICATION, DISTRIBUTION, ETC.
Place of publication, distribution, etc. GORAKHPUR
Name of publisher, distributor, etc. GEETA PRESS
Date of publication, distribution, etc. 1952
300 ## - PHYSICAL DESCRIPTION
Extent 621
942 ## - ADDED ENTRY ELEMENTS (KOHA)
Source of classification or shelving scheme
Koha item type Specimen
Holdings
Withdrawn status Lost status Source of classification or shelving scheme Damaged status Not for loan Home library Current library Date acquired Source of acquisition Inventory number Barcode Date last seen Price effective from Koha item type
          IIMT University Central Library Meerut IIMT University Central Library Meerut 02/05/2024 CHAIRMEN SIR DONATED 28-S-3809 02/05/2024 02/05/2024 Religious Book
IIMT, Central Library. All Rights Reserved IIMT,UNIVERSITY © 2023
Implemented and Customised by I CLOUDE EMS
You Are OPAC Visitor No
free web counter

Powered by Koha